| 000 | 00641nam a2200229 a 4500 | ||
|---|---|---|---|
| 005 | 20140311161036.0 | ||
| 008 | 111118s19uu xx 00 eng d | ||
| 050 |
_aZ 52.5 _b.C932 2011 |
||
| 100 | _aCrisostomo, Conchita Camba | ||
| 245 |
_aWord processing for windows / _cConchita Camba Crisostomo. |
||
| 250 | _a6th ed. | ||
| 260 |
_aLas Pinas City : _b3K-IT Education services, _c2011. |
||
| 300 |
_a153 p. : _bill. ; _c23 cm. |
||
| 521 | _aIT | ||
| 650 | _aMIcrosoft windows (computer programming) | ||
| 942 |
_cBK _2lcc _kLOC |
||
| 999 |
_c25063 _d25063 |
||